[Event "Wojewodztwo Pomorskie"]
[Site "Wojewodztwo Pomorskie"]
[Date "2015.01.10"]
[Round "1.1"]
[White "Hladun, Bartlomiej"]
[Black "Olechnicka, Karolina"]
[Result "0-1"]
[WhiteElo "1348"]
[BlackElo "1952"]
[PlyCount "88"]
[EventDate "2015.??.??"]

1. e4 c5 2. Nc3 a6 3. g3 b5 4. Bg2 Bb7 5. d3 e6 6. Be3 Qc7 7. Nge2 Nf6 8. h3 b4
9. Nb1 d5 10. exd5 Nxd5 11. O-O Nxe3 12. fxe3 Bxg2 13. Kxg2 Qe5 14. e4 Qxb2 15.
Nd2 Qe5 16. Nc4 Qc7 17. Nf4 Bd6 18. Nh5 Be5 19. Nxe5 Qxe5 20. Qg4 O-O 21. Rab1
Nd7 22. Rf2 g6 23. Nf4 f5 24. exf5 exf5 25. Qf3 Rae8 26. Re2 Qd6 27. Rbe1 Re5
28. Rxe5 Nxe5 29. Qd5+ Qxd5+ 30. Nxd5 Nc6 31. Ne7+ Nxe7 32. Rxe7 Rc8 33. Kf2 c4
34. d4 a5 35. Ra7 Rd8 36. Ke3 Re8+ 37. Kd2 Re4 38. Rd7 h5 39. Rd5 h4 40. gxh4
Rxh4 41. Rxa5 Rxd4+ 42. Ke3 Rh4 43. Rb5 Rxh3+ 44. Kf4 c3 0-1

[Event "Druzynowe Mistrzostwa Wojewodztwa Pomor"]
[Site "Wojewodztwo Pomorskie"]
[Date "2015.01.10"]
[Round "1.2"]
[White "Tynski, Beniamin"]
[Black "Pawletko, Szymon"]
[Result "1-0"]
[WhiteElo "1643"]
[BlackElo "1304"]
[PlyCount "91"]
[EventDate "2015.??.??"]

1. d4 d5 2. Nf3 Nf6 3. g3 e6 4. Bg2 c5 5. Bg5 Nc6 6. c3 cxd4 7. Nxd4 h6 8. Bf4
Bd6 9. Bxd6 Qxd6 10. O-O O-O 11. Na3 Nxd4 12. Qxd4 Qb6 13. Qxb6 axb6 14. c4 Rd8
15. Rfd1 d4 16. Nb5 e5 17. f4 exf4 18. gxf4 Nh5 19. e3 Bg4 20. Rxd4 Rxd4 21.
Nxd4 Rd8 22. Bd5 Rd7 23. Kf2 Kf8 24. Rg1 Nf6 25. Bf3 h5 26. Rc1 Bxf3 27. Kxf3
Ng4 28. h3 Nf6 29. Rc3 g6 30. Rb3 Rd6 31. Rb5 Ke7 32. a4 Kd7 33. a5 Kc7 34. Re5
bxa5 35. Nb5+ Kd7 36. Nxd6 Kxd6 37. Rxa5 Nd7 38. b4 Kc6 39. f5 Kd6 40. Kf4 b6
41. Rd5+ Ke7 42. fxg6 fxg6 43. Kg5 Nf8 44. Re5+ Kf7 45. Re4 Ne6+ 46. Rxe6 1-0

[Event "Druzynowe Mistrzostwa Wojewodztwa Pomor"]
[Site "Wojewodztwo Pomorskie"]
[Date "2015.01.10"]
[Round "1.4"]
[White "Wilk, Oktawia"]
[Black "Wyrzykowska, Aleksandra"]
[Result "1-0"]
[WhiteElo "1749"]
[BlackElo "1073"]
[PlyCount "47"]
[EventDate "2015.??.??"]

1. e4 c5 2. Nf3 Nc6 3. d4 cxd4 4. Nxd4 e5 5. Nb3 Nf6 6. f3 d5 7. Bg5 Be6 8.
exd5 Qxd5 9. N1d2 Be7 10. Bc4 Qd6 11. Qe2 Bf5 12. O-O-O O-O 13. Ne4 Qc7 14.
Nxf6+ Bxf6 15. Bxf6 gxf6 16. g4 Be6 17. Bxe6 fxe6 18. Qc4 Kf7 19. Nc5 Qc8 20.
Rd7+ Kg6 21. Qe4+ f5 22. gxf5+ exf5 23. Rg1+ Kf6 24. Qh4# 1-0

[Event "Druzynowe Mistrzostwa Wojewodztwa Pomor"]
[Site "Wojewodztwo Pomorskie"]
[Date "2015.01.10"]
[Round "1.5"]
[White "Mackowiak, Filip"]
[Black "Belczewski, Jacek"]
[Result "1/2-1/2"]
[WhiteElo "1268"]
[BlackElo "1791"]
[PlyCount "46"]
[EventDate "2015.??.??"]

1. e4 e6 2. d4 d5 3. Nd2 Nf6 4. e5 Nfd7 5. Bd3 c5 6. c3 Nc6 7. Ndf3 Qb6 8. Ne2
cxd4 9. cxd4 f6 10. exf6 Nxf6 11. O-O Bd6 12. Re1 O-O 13. Bc2 Bd7 14. Ng5 h6
15. Nh3 Rae8 16. Qd3 Nb4 17. Qg6 Nxc2 18. Qxc2 Ne4 19. f3 Rc8 20. Qd3 Nf6 21.
Bxh6 gxh6 22. Qg6+ Kh8 23. Qxh6+ Kg8 1/2-1/2

[Event "Druzynowe Mistrzostwa Wojewodztwa Pomor"]
[Site "Wojewodztwo Pomorskie"]
[Date "2015.01.10"]
[Round "1.6"]
[White "Lipiak, Mateusz"]
[Black "Sulima, Franciszek"]
[Result "1-0"]
[WhiteElo "1567"]
[BlackElo "1237"]
[PlyCount "85"]
[EventDate "2015.??.??"]

1. e4 e6 2. d4 d5 3. Nd2 c5 4. Ngf3 Nc6 5. exd5 exd5 6. Bb5 Bd7 7. O-O cxd4 8.
Re1+ Be7 9. Nb3 Nf6 10. Nbxd4 O-O 11. Bxc6 bxc6 12. Ne5 Qc7 13. Nxd7 Qxd7 14.
Nxc6 Qxc6 15. Rxe7 Ne4 16. Be3 Qf6 17. Rb7 Rfd8 18. c3 Rd6 19. Qg4 Rad8 20. Rd1
h6 21. Bd4 Qg6 22. Qxg6 Rxg6 23. Rxa7 Rb8 24. b4 Rc8 25. Ra3 Rgc6 26. b5 Nxc3
27. bxc6 Nxd1 28. Ra6 Kf8 29. Kf1 Ke7 30. Ke1 g6 31. Bc5+ Kd8 32. Kxd1 Kc7 33.
a4 d4 34. Kd2 h5 35. a5 h4 36. Rb6 h3 37. g3 f5 38. a6 f4 39. gxf4 g5 40. f5 g4
41. a7 Ra8 42. Rb7+ Kxc6 43. Rb8 1-0

[Event "Druzynowe Mistrzostwa Wojewodztwa Pomor"]
[Site "Wojewodztwo Pomorskie"]
[Date "2015.01.10"]
[Round "1.8"]
[White "Zalewska, Ewa"]
[Black "Filipska, Maja"]
[Result "1/2-1/2"]
[WhiteElo "1223"]
[BlackElo "1186"]
[PlyCount "69"]
[EventDate "2015.??.??"]

1. e4 c5 2. Nc3 d6 3. Bb5+ Bd7 4. Qe2 Nf6 5. e5 dxe5 6. Qxe5 e6 7. Qe2 a6 8.
Bxd7+ Qxd7 9. Nf3 Be7 10. d3 O-O 11. O-O Nc6 12. h3 Rfd8 13. Bg5 h6 14. Bh4 Nd5
15. Nxd5 Qxd5 16. Bxe7 Nxe7 17. Qe5 Qxe5 18. Nxe5 Nd5 19. a3 Rac8 20. Nc4 b5
21. Ne3 c4 22. dxc4 Nxe3 23. fxe3 Rxc4 24. c3 Rd2 25. Rf2 Rd3 26. Rf3 Re4 27.
Raf1 f6 28. Re1 Kf7 29. Kf2 Ke7 30. Rf4 Rd2+ 31. Re2 Rxf4+ 32. exf4 Rxe2+ 33.
Kxe2 Kd6 34. Ke3 Kd5 35. b3 1/2-1/2

[Event "Druzynowe Mistrzostwa Wojewodztwa Pomor"]
[Site "Wojewodztwo Pomorskie"]
[Date "2015.01.10"]
[Round "1.9"]
[White "Kindler, Przemyslaw"]
[Black "Putlak, Wojciech"]
[Result "1-0"]
[WhiteElo "1975"]
[BlackElo "1600"]
[PlyCount "79"]
[EventDate "2015.??.??"]

1. e4 c5 2. Nf3 e6 3. d4 cxd4 4. Nxd4 a6 5. c4 Qc7 6. Nc3 Nc6 7. Nc2 Nf6 8. f3
Bc5 9. a3 b6 10. b4 Bd6 11. g3 Bb7 12. Be3 Ne7 13. Nd4 Be5 14. Rc1 O-O 15. f4
Bxd4 16. Qxd4 Rab8 17. Be2 Ba8 18. Rf1 Nc6 19. Qd2 Bb7 20. e5 Ne8 21. Rd1 Bc8
22. Ne4 f6 23. exf6 Nxf6 24. Nxf6+ Rxf6 25. b5 axb5 26. cxb5 Na5 27. Rc1 Qa7
28. Rc3 d5 29. Qc2 Bd7 30. Bd4 Rff8 31. Bd3 Rfc8 32. Bxh7+ Kf8 33. f5 e5 34. f6
exd4 35. fxg7+ Ke7 36. Qe2+ Be6 37. Rxc8 Rxc8 38. g8=Q Rxg8 39. Bxg8 Qd7 40.
Rf7+ 1-0

[Event "Druzynowe Mistrzostwa Wojewodztwa Pomor"]
[Site "Wojewodztwo Pomorskie"]
[Date "2015.01.10"]
[Round "1.10"]
[White "Banach, Jakub"]
[Black "Paziak, Patryk"]
[Result "0-1"]
[WhiteElo "1431"]
[BlackElo "1749"]
[PlyCount "62"]
[EventDate "2015.??.??"]

1. e4 e6 2. d4 d5 3. exd5 exd5 4. Bd3 Bd6 5. Ne2 Ne7 6. Bf4 Bxf4 7. Nxf4 Qd6 8.
Qd2 Nbc6 9. Bb5 Bf5 10. Nc3 O-O 11. O-O Nb4 12. Bd3 Nxc2 13. Bxc2 Bxc2 14.
Nfxd5 Nxd5 15. Qxc2 c6 16. a3 Qd7 17. Nxd5 Qxd5 18. Qc5 Qb3 19. Qc3 Qe6 20.
Rfe1 Qf6 21. Qb4 Rad8 22. Rad1 Rd7 23. Re2 h6 24. Red2 Rfd8 25. Qc3 Rd5 26. b4
b6 27. Qe3 c5 28. dxc5 Rxd2 29. Re1 bxc5 30. Qb3 Qxf2+ 31. Kh1 Qxg2# 0-1

[Event "Druzynowe Mistrzostwa Wojewodztwa Pomor"]
[Site "Wojewodztwo Pomorskie"]
[Date "2015.01.10"]
[Round "1.11"]
[White "Godzwon, Iwo"]
[Black "Kujawa, Krzysztof"]
[Result "1-0"]
[WhiteElo "1513"]
[BlackElo "1326"]
[PlyCount "50"]
[EventDate "2015.??.??"]

1. e4 c6 2. d4 d5 3. Nd2 dxe4 4. Nxe4 Nf6 5. Nxf6+ gxf6 6. c3 Bf5 7. Bf4 e6 8.
Nf3 Nd7 9. Bd3 Bg6 10. Qc2 Nb6 11. O-O-O Bd6 12. Bg3 Qc7 13. Rhe1 O-O-O 14. Nd2
Bh5 15. Be2 Bg6 16. Bd3 Bh5 17. Nf3 Bg6 18. Kb1 Rhg8 19. Bxg6 hxg6 20. Nd2 Rh8
21. Ne4 Bxg3 22. hxg3 Qe7 23. Rh1 Nc4 24. Rh4 Nd6 25. Nxd6+ Qxd6 {zapis} 1-0

[Event "Druzynowe Mistrzostwa Wojewodztwa Pomor"]
[Site "Wojewodztwo Pomorskie"]
[Date "2015.01.10"]
[Round "1.12"]
[White "Jarocka, Liwia"]
[Black "Kindler, Karolina"]
[Result "1-0"]
[WhiteElo "1358"]
[BlackElo "1569"]
[PlyCount "109"]
[EventDate "2015.??.??"]

1. e4 e5 2. Nf3 Nc6 3. Bb5 a6 4. Ba4 Nf6 5. O-O b5 6. Bb3 Be7 7. Re1 O-O 8. h3
d6 9. c3 Bb7 10. d4 exd4 11. cxd4 Na5 12. Bc2 c5 13. d5 Nd7 14. Nbd2 Bf6 15.
Rb1 Ne5 16. b3 Rc8 17. Nf1 Ba8 18. Ng3 c4 19. b4 Nb7 20. Kh2 a5 21. a3 Nxf3+
22. gxf3 Bh4 23. Rg1 Bxg3+ 24. Rxg3 Kh8 25. Qd4 f6 26. Be3 Rb8 27. Rbg1 Rg8 28.
Bh6 g6 29. f4 Qe7 30. f5 axb4 31. fxg6 hxg6 32. Rxg6 Rxg6 33. Rxg6 Qe5+ 34.
Qxe5 fxe5 35. axb4 Rc8 36. Rf6 Kh7 37. f4 Re8 38. fxe5 dxe5 39. Rf8 Nd6 40.
Rxe8 Nxe8 41. Bf8 Kg8 42. Bc5 Kf7 43. Kg3 Bb7 44. Bd1 Kg6 45. Bg4 Nf6 46. Bf5+
Kf7 47. Bd6 Nh5+ 48. Kf3 Kf6 49. Bc5 Ng7 50. Bg4 Kf7 51. d6 Ne6 52. d7 Nd8 53.
Ke3 c3 54. Bf5 Bc6 55. Kd3 1-0

[Event "Druzynowe Mistrzostwa Wojewodztwa Pomor"]
[Site "Wojewodztwo Pomorskie"]
[Date "2015.01.10"]
[Round "2.1"]
[White "Olechnicka, Karolina"]
[Black "Putlak, Wojciech"]
[Result "1-0"]
[WhiteElo "1952"]
[BlackElo "1600"]
[PlyCount "93"]
[EventDate "2015.??.??"]

1. e4 c5 2. Nf3 e6 3. d4 cxd4 4. Nxd4 a6 5. Bd3 Nc6 6. Nxc6 dxc6 7. O-O Bc5 8.
Qg4 Qf6 9. Nc3 e5 10. Qg3 b5 11. Bg5 Qe6 12. Kh1 f6 13. Be3 Bxe3 14. Qxg7 Bh6
15. Qxh8 Qf7 16. f4 Bxf4 17. g3 Bh6 18. Rxf6 Qxf6 19. Qxg8+ Qf8 20. Qxf8+ Kxf8
21. a4 b4 22. Ne2 Bh3 23. Ng1 Be6 24. Nf3 Bg7 25. a5 c5 26. Nd2 Ke7 27. Nc4 Bh3
28. Kg1 Ke6 29. Nb6 Ra7 30. Nc8 Ra8 31. Bc4+ Kf6 32. Nb6 Ra7 33. Rd1 Bf8 34.
Kf2 Bg4 35. Rd8 Ke7 36. Rd5 Kf6 37. Rd8 Ke7 38. Rd3 Kf6 39. Kg2 Ke7 40. Nd5+
Kf7 41. Nxb4+ Kg6 42. Nc6 Rb7 43. Nxe5+ Kg5 44. h4+ Kh5 45. Nxg4 Kxg4 46. Rd5
Rxb2 47. Be2# 1-0

[Event "Druzynowe Mistrzostwa Wojewodztwa Pomor"]
[Site "Wojewodztwo Pomorskie"]
[Date "2015.01.10"]
[Round "2.2"]
[White "Banach, Jakub"]
[Black "Tynski, Beniamin"]
[Result "0-1"]
[WhiteElo "1431"]
[BlackElo "1643"]
[PlyCount "123"]
[EventDate "2015.??.??"]

1. e4 c5 2. Nf3 d6 3. d4 cxd4 4. Nxd4 Nf6 5. Nc3 a6 6. Nf3 Nc6 7. Bc4 e6 8. Bf4
Be7 9. e5 dxe5 10. Qxd8+ Bxd8 11. Bxe5 Nxe5 12. Nxe5 Bc7 13. Nf3 O-O 14. Bd3 b5
15. Ne4 Nd5 16. O-O Bb7 17. Nc5 Bc6 18. Nd4 Bb6 19. Ncxe6 Rfe8 20. Nc7 Bxd4 21.
Nxe8 Rxe8 22. c3 Bb6 23. Rfe1 Rd8 24. Be4 Kf8 25. b3 Be8 26. Bxd5 Rxd5 27. Rad1
Rf5 28. Re2 Rf6 29. Rc1 Rc6 30. c4 Bd7 31. h3 Be6 32. Rec2 Bf5 33. Rd2 h6 34.
g4 Be4 35. a3 f5 36. gxf5 Bxf5 37. Rc3 Rg6+ 38. Kf1 bxc4 39. Rf3 Rf6 40. bxc4
g6 41. h4 Ke7 42. Rd5 Rc6 43. Rb3 Be6 44. Re5 Bc7 45. Re4 Rxc4 46. Rbe3 Rc6 47.
a4 Kf6 48. Rf3+ Bf5 49. Re8 Bd6 50. Ra8 Ke5 51. Re8+ Kd5 52. Re2 Bb4 53. Rf4 a5
54. Kg2 Rc3 55. h5 Bh3+ 56. Kh2 gxh5 57. f3 Be6 58. Rf6 Bd7 59. Rd2+ Ke5 60.
Rxh6 Bxa4 61. Rxh5+ Kf6 62. Rd4 0-1

[Event "Druzynowe Mistrzostwa Wojewodztwa Pomor"]
[Site "Wojewodztwo Pomorskie"]
[Date "2015.01.10"]
[Round "2.3"]
[White "Twardowski, Hubert"]
[Black "Kujawa, Krzysztof"]
[Result "1/2-1/2"]
[WhiteElo "1512"]
[BlackElo "1326"]
[PlyCount "72"]
[EventDate "2015.??.??"]

1. e4 c6 2. d4 d5 3. Nc3 dxe4 4. Nxe4 Nf6 5. Nxf6+ gxf6 6. Bf4 Bf5 7. c3 e6 8.
Nf3 Nd7 9. Bd3 Bg6 10. Qd2 Nb6 11. O-O-O Bd6 12. Bg3 Qc7 13. Rhe1 O-O-O 14. Qc2
Rhg8 15. Bxg6 hxg6 16. Nd2 Rh8 17. Rh1 f5 18. Nf3 Rdg8 19. c4 Bf4+ 20. Kb1 Rd8
21. Ne5 Bxg3 22. hxg3 Qe7 23. Rxh8 Rxh8 24. f4 Nd7 25. b3 Nxe5 26. dxe5 Qc5 27.
Qd2 Qe7 28. Qd4 Rd8 29. Qg1 Rxd1+ 30. Qxd1 Qd7 31. Qe2 Qd4 32. Kc2 Kc7 33. Qd2
Qxd2+ 34. Kxd2 Kb6 35. Kc3 a5 36. a3 c5 1/2-1/2

[Event "Druzynowe Mistrzostwa Wojewodztwa Pomor"]
[Site "Wojewodztwo Pomorskie"]
[Date "2015.01.10"]
[Round "2.4"]
[White "Jarocka, Liwia"]
[Black "Wilk, Oktawia"]
[Result "0-1"]
[WhiteElo "1358"]
[BlackElo "1749"]
[PlyCount "50"]
[EventDate "2015.??.??"]

1. e4 e6 2. d4 d5 3. Nd2 dxe4 4. Nxe4 Nf6 5. Nxf6+ Qxf6 6. Nf3 h6 7. Bc4 Bd6 8.
O-O O-O 9. Be3 Nd7 10. Qd2 e5 11. dxe5 Nxe5 12. Nxe5 Qxe5 13. g3 Bh3 14. Rfe1
Qxb2 15. Rab1 Qf6 16. Rxb7 Rfd8 17. Qe2 a5 18. Bd3 Bb4 19. Rd1 Qc6 20. f3 Qxb7
21. Be4 c6 22. Rb1 Qd7 23. g4 Qe6 24. Bf5 Qxa2 25. c3 Qxe2 0-1

[Event "Druzynowe Mistrzostwa Wojewodztwa Pomor"]
[Site "Wojewodztwo Pomorskie"]
[Date "2015.01.10"]
[Round "2.5"]
[White "Belczewski, Jacek"]
[Black "Kindler, Przemyslaw"]
[Result "1-0"]
[WhiteElo "1791"]
[BlackElo "1975"]
[PlyCount "89"]
[EventDate "2015.??.??"]

1. c4 e5 2. Nc3 d6 3. g3 f5 4. Bg2 Nf6 5. e3 c6 6. Nge2 Be6 7. b3 d5 8. cxd5
cxd5 9. Bb2 Nc6 10. O-O Rc8 11. f4 e4 12. Nb5 Be7 13. Nbd4 Qd7 14. a3 O-O 15.
b4 a6 16. Qb3 b5 17. Rfc1 Nxd4 18. Nxd4 Bf7 19. Bf1 Rfd8 20. Be2 Ne8 21. Bc3
Nd6 22. a4 Nc4 23. axb5 axb5 24. Ra2 Bf6 25. Rca1 Bxd4 26. Bxd4 Qe8 27. Bxc4
dxc4 28. Qc3 Qe7 29. Ra7 Rd7 30. Rxd7 Qxd7 31. Bxg7 Bg6 32. Bd4 Rc7 33. Qa3 Kf7
34. Qa6 Qc6 35. Qxc6 Rxc6 36. Ra5 Bh5 37. Rxb5 Bg4 38. Ra5 h5 39. b5 Rc8 40. b6
c3 41. dxc3 Ke6 42. b7 Rb8 43. Ra7 Kd5 44. Be5 Rxb7 45. Rxb7 1-0

[Event "Druzynowe Mistrzostwa Wojewodztwa Pomor"]
[Site "Wojewodztwo Pomorskie"]
[Date "2015.01.10"]
[Round "2.6"]
[White "Paziak, Patryk"]
[Black "Las, Adrian"]
[Result "1-0"]
[WhiteElo "1749"]
[BlackElo "1199"]
[PlyCount "57"]
[EventDate "2015.??.??"]

1. e4 e5 2. Nf3 Nc6 3. d4 Nxd4 4. Nxe5 Nc6 5. Nxc6 bxc6 6. Bc4 Bc5 7. Bxf7+
Kxf7 8. Qh5+ g6 9. Qxc5 Qe7 10. Qd4 Nf6 11. Nc3 Re8 12. O-O Nxe4 13. Bf4 Nd6
14. Rad1 Ba6 15. Bxd6 cxd6 16. Qxd6 Qxd6 17. Rxd6 Bxf1 18. Rxd7+ Re7 19. Rxe7+
Kxe7 20. Kxf1 Rb8 21. b3 Ke6 22. Ke2 Rb4 23. Ke3 Rg4 24. Ne2 Ke5 25. f4+ Kd5
26. g3 g5 27. Kf3 gxf4 28. c4+ Ke5 29. gxf4+ 1-0

[Event "Druzynowe Mistrzostwa Wojewodztwa Pomor"]
[Site "Wojewodztwo Pomorskie"]
[Date "2015.01.10"]
[Round "2.7"]
[White "Lipiak, Mateusz"]
[Black "Godzwon, Iwo"]
[Result "1/2-1/2"]
[WhiteElo "1567"]
[BlackElo "1513"]
[PlyCount "87"]
[EventDate "2015.??.??"]

1. e4 c5 2. Nf3 e6 3. d4 cxd4 4. Nxd4 Nf6 5. Nc3 d6 6. Be3 a6 7. f3 Qc7 8. Qd2
b5 9. O-O-O Bb7 10. g4 Nbd7 11. Kb1 Be7 12. h4 Ne5 13. h5 Rc8 14. Be2 Nfd7 15.
Ndxb5 axb5 16. Nxb5 Qb8 17. Nxd6+ Bxd6 18. Qxd6 Qxd6 19. Rxd6 Rc6 20. Rhd1 Rxd6
21. Rxd6 Ke7 22. Rd1 Rc8 23. b3 Nc6 24. Kb2 Ndb8 25. a3 Ba6 26. c4 Na5 27. Bb6
Nbc6 28. Kc3 Nb7 29. f4 e5 30. f5 Ncd8 31. Rd5 f6 32. Bd3 Rc6 33. c5 Bxd3 34.
Kxd3 Nf7 35. b4 Ng5 36. b5 Rc8 37. a4 Nh3 38. Ke3 Nf4 39. Rd1 Nxc5 40. Rc1 Nfd3
41. Rc4 Kd6 42. a5 Nb2 43. Rc2 Nba4 44. Ba7 1/2-1/2

[Event "Druzynowe Mistrzostwa Wojewodztwa Pomor"]
[Site "Wojewodztwo Pomorskie"]
[Date "2015.01.10"]
[Round "2.8"]
[White "Kindler, Karolina"]
[Black "Zalewska, Ewa"]
[Result "1-0"]
[WhiteElo "1569"]
[BlackElo "1223"]
[PlyCount "129"]
[EventDate "2015.??.??"]

1. e4 e5 2. Nf3 Nf6 3. Nc3 Nc6 4. Bc4 Bc5 5. d3 d6 6. Be3 Bb6 7. Ng5 O-O 8. h3
Nd4 9. Nf3 c5 10. Bg5 Be6 11. Nd5 Bxd5 12. Bxd5 Qe7 13. c3 Ne6 14. Bxf6 Qxf6
15. Bxb7 Rab8 16. Bd5 Ba5 17. Bb3 Qe7 18. Qd2 Nd4 19. Nxd4 exd4 20. O-O h6 21.
Qc2 dxc3 22. bxc3 Rfd8 23. Rab1 Qf6 24. Rbc1 Qe5 25. Rfd1 Rbc8 26. Bd5 Rb8 27.
d4 cxd4 28. cxd4 Qf6 29. Qa4 Rb4 30. Qxa5 Rb6 31. Qxa7 Rdb8 32. Bb3 Qf4 33. f3
Qe3+ 34. Kh1 Qg5 35. Qxf7+ Kh7 36. Rc7 Rb5 37. Rdc1 R5b6 38. Rc8 Rxc8 39. Rxc8
Qf6 40. Qxf6 gxf6 41. Rc3 Rb4 42. d5 Kg6 43. a4 Rb8 44. Bc4 Kg5 45. a5 Rb7 46.
a6 Ra7 47. Rb3 Rc7 48. Bd3 Kf4 49. Kh2 Ke3 50. Rb7 Rc8 51. Bb5 Kd4 52. a7 Ra8
53. Bc6 Ke5 54. Re7+ Kd4 55. Bxa8 Kc5 56. Bc6 Kd4 57. a8=Q Ke3 58. Qa3+ Kf4 59.
Qxd6+ Ke3 60. e5 Kd4 61. Qb4+ Ke3 62. Ra7 fxe5 63. Ra3+ Ke2 64. Qb2+ Ke1 65.
Ra1# 1-0

[Event "Druzynowe Mistrzostwa Wojewodztwa Pomor"]
[Site "Wojewodztwo Pomorskie"]
[Date "2015.01.10"]
[Round "2.9"]
[White "Hladun, Bartlomiej"]
[Black "Mackowiak, Filip"]
[Result "0-1"]
[WhiteElo "1348"]
[BlackElo "1268"]
[PlyCount "120"]
[EventDate "2015.??.??"]

1. e4 e6 2. d4 d5 3. e5 c5 4. c3 Nc6 5. Nf3 Qb6 6. a3 Nge7 7. b4 cxd4 8. cxd4
a6 9. Be2 Nf5 10. Bb2 Bd7 11. g4 Nfe7 12. Nh4 Ng6 13. Ng2 Be7 14. O-O f6 15. f4
O-O 16. Kh1 fxe5 17. fxe5 Rxf1+ 18. Bxf1 Rf8 19. Nd2 Nxd4 20. Nb3 Nxb3 21. Qxb3
Qf2 22. Bd3 Bb5 23. Bxb5 axb5 24. Rg1 Rf3 25. Qa2 Nxe5 26. Qa1 Nxg4 27. Qe1
Qxe1 28. Nxe1 Rf2 29. Nf3 Rxb2 30. Rxg4 Rb3 31. Ng5 Bxg5 32. Rxg5 Rxa3 33. Re5
Kf7 34. Rh5 h6 35. Kg2 Rc3 36. Rh4 Rc4 37. Rh3 Rxb4 38. Rf3+ Ke7 39. Rc3 Kd6
40. Rg3 Rb2+ 41. Kh3 g5 42. Ra3 b4 43. Ra7 Kc6 44. Ra1 b3 45. Rc1+ Rc2 46. Re1
Kd6 47. Re3 b2 48. Rb3 Rc3+ 49. Rxc3 b1=Q 50. Rc8 Qf5+ 51. Kg2 e5 52. Rd8+ Kc5
53. Rh8 e4 54. Rxh6 Qf3+ 55. Kg1 e3 56. h4 e2 57. Re6 gxh4 58. Kh2 Qg3+ 59. Kh1
h3 60. Rxe2 Qf3+ 0-1

[Event "Druzynowe Mistrzostwa Wojewodztwa Pomor"]
[Site "Wojewodztwo Pomorskie"]
[Date "2015.01.10"]
[Round "2.10"]
[White "Sulima, Franciszek"]
[Black "Pawletko, Szymon"]
[Result "1/2-1/2"]
[WhiteElo "1237"]
[BlackElo "1304"]
[PlyCount "126"]
[EventDate "2015.??.??"]

1. e4 c5 2. Nc3 d6 3. d3 Nf6 4. f4 g6 5. Nf3 Bg7 6. g3 Bg4 7. h3 Bxf3 8. Qxf3
Nc6 9. Bd2 Nd4 10. Qd1 Qb6 11. Rb1 Qc6 12. Bg2 Qd7 13. O-O b5 14. Kh2 Rb8 15.
g4 O-O 16. f5 b4 17. Ne2 Nxe2 18. Qxe2 Qa4 19. b3 Qxa2 20. g5 Nd7 21. h4 Qxc2
22. Bf3 Ne5 23. Rbc1 Qxb3 24. h5 Qxd3 25. Qg2 Nxf3+ 26. Rxf3 Be5+ 27. Kh1 Qxe4
28. fxg6 hxg6 29. h6 Kh7 30. Rxf7+ Rxf7 31. Qxe4 b3 32. Qd5 Rf2 33. Rb1 c4 34.
Be3 Rf5 35. Qxc4 b2 36. Bxa7 Rd8 37. Be3 d5 38. Qc2 d4 39. Bd2 Rf7 40. Qc4 Bf4
41. Rxb2 Rdf8 42. Bxf4 Rxf4 43. Qe6 R8f7 44. Rd2 Rh4+ 45. Kg2 Rhf4 46. Qd5 R7f5
47. Qe6 Rxg5+ 48. Kh1 Rh4+ 49. Rh2 Rxh2+ 50. Kxh2 Kxh6 51. Qxe7 Rh5+ 52. Kg3
Rg5+ 53. Kf4 d3 54. Qe3 Rf5+ 55. Ke4+ Kg7 56. Qxd3 Kf6 57. Qd8+ Ke6 58. Qg8+
Kf6 59. Qh8+ Kf7 60. Qh6 Kf6 61. Qf8+ Kg5 62. Qb8 Kf6 63. Qf8+ Kg5 1/2-1/2

[Event "Druzynowe Mistrzostwa Wojewodztwa Pomor"]
[Site "Wojewodztwo Pomorskie"]
[Date "2015.01.10"]
[Round "2.12"]
[White "Filipska, Maja"]
[Black "Wyrzykowska, Aleksandra"]
[Result "0-1"]
[WhiteElo "1186"]
[BlackElo "1073"]
[PlyCount "96"]
[EventDate "2015.??.??"]

1. e4 c5 2. Nf3 Nc6 3. d4 cxd4 4. Nxd4 e5 5. Nf3 Nf6 6. Nc3 Bb4 7. Bg5 d6 8.
Bb5 O-O 9. O-O Bxc3 10. bxc3 Qe7 11. Qd3 Rd8 12. Rfd1 Be6 13. Rd2 a6 14. Ba4 b5
15. Bb3 Na5 16. Rad1 Nc4 17. Bxc4 Bxc4 18. Qe3 Bxa2 19. Qb6 Rdb8 20. Bxf6 gxf6
21. Qxd6 Qxd6 22. Rxd6 Be6 23. h3 Rc8 24. R6d3 a5 25. Nd2 a4 26. Ra1 a3 27. Nb3
b4 28. Nc1 Rxc3 29. Rxc3 bxc3 30. Ne2 f5 31. Nxc3 Ra5 32. exf5 Bxf5 33. Nb1 a2
34. Nc3 Be6 35. Kf1 Ra3 36. Nb5 Bc4+ 37. Ke1 Bxb5 38. Kd2 Bf1 39. c3 Bxg2 40.
h4 f5 41. Kc2 Bd5 42. Kb2 Ra8 43. Kc2 Kg7 44. Kd3 Ra4 45. h5 Kh6 46. Ke3 Rh4
47. Kd3 Rh1 48. Rxh1 Bxh1 0-1